00000000cas 2200000zi 4500
0019.904445
003CaOODSP
00520260603155536
006m     o  d f      
007cr cn ||||||||
008211027d20092024oncar p o    f0###a0eng|d
022 |a2818-0372
040 |aCaOODSP|beng|erda|cCaOODSP
043 |an-cn---
0861 |aT91-9E-PDF
1101 |aCanada. |bInfrastructure Canada, |eauthor, |eissuing body.
222 0|aFinancial statements (unaudited) for the year ended ... |b(Canada. Infrastructure Canada)
24510|aFinancial statements (unaudited) for the year ended ... / |cInfrastructure Canada.
24617|aInfrastructure Canada financial statements for the year ended ...
2461 |iIssue for April 1, 2024 to June 19, 2024 has title: |aFinancial statements (unaudited) for the period of ...
264 1|a[Ottawa] : |bInfrastructure Canada, |c[2009-2024]
310 |aAnnual
336 |atext|btxt|2rdacontent
337 |acomputer|bc|2rdamedia
338 |aonline resource|bcr|2rdacarrier
3621 |aBegan with: March 31, 2009; ceased with: April 1, 2024 to June 19, 2024.
500 |aIssued also in French under title: États financiers (non audités) pour l'exercice terminé le ...
515 |aIssues for March 31, 2009-March 31, 2020 available in HTML format only.
515 |aIssues for March 31, 2021-April 1, 2024 to June 19, 2024 called also FY 2020/2021-FY 2024/2025.
588 |aDescription based on: March 31, 2021.
588 |aLatest issue consulted: April 1, 2024 to June 19, 2024.
61010|aCanada. |bInfrastructure Canada|vPeriodicals.
650 0|aFinancial statements, Unaudited|zCanada|vPeriodicals.
650 0|aFinance, Public|zCanada|vPeriodicals.
655 7|aPeriodicals|2lcgft
77508|tÉtats financiers (non audités) pour l'exercice terminé le ... / |w(CaOODSP)9.904446
78500|tFinancial statements (unaudited) for the period of ... / |w(CaOODSP)9.955497